000 00789nam a2200229 i 4500
001 115202
003 ES-MaACL
005 20250918175806.0
007 t|
008 070226s1908 sp ||||1| spa d
080 _a821.134.2-23"18"
100 1 _aPérez Galdós, Benito,
_d1843-1920
_990871
245 1 0 _aGerona
_b: drama en cuatro actos /
_cpor B. Pérez Galdós ; ilustraciones de Pedrero.
260 _aMadrid :
_bEl Cuento Semanal,
_c1908.
300 _a2 v. :
_bil. ;
_c26 cm.
490 1 _aEl cuento semanal ;
_v18-19
651 4 _aEspaña-
_xHistoria-
_y1808-1814, Guerra de la Independencia-
_vTeatro.
_9169510
700 1 _aPedrero, Mariano,
_d1865-1927
_989908
830 0 3 _aEl cuento semanal
_v18-19
_9185957
852 _aES-MaACL
_jG-4441(18-19)
999 _c115202
_d115202